000 00400 a2200169 4500
001 183934
020 _a85-260-0627-4
040 _cMagnum
100 _aSociedade Brasileira para o Progresso da Ciência
240 1 0 _aCiência hoje na escola, 3
_lpor
245 1 0 _aCiência hoje na escola, 3
300 _a86
362 0 _a2003
440 1 _aGlobal
697 _aCIÊNCIAS PURAS
942 _cBK
999 _c183934
_d183934